000 00277nam a2200133Ia 4500
100 _aParkar/ Tim
942 _cBK
654 _aUnix programming
245 _aUnix Users handbook
260 _bGalgotia
_aNew Delhi
_c1993
300 _a574
546 _aENGLISH
999 _c24965
_d24965